The Missing Anagram Quiz Stats

 Plays Quiz Updated Nov 21, 2016

Also try: Web of Anagrams
Challenge
Share
Tweet
Embed
Score 0/30 Timer 06:00
0 Plays Today
Two Anagrams One More % Correct
Apt, Pat....Tap
99.4%
Ram, Arm....Mar
98.9%
Opt, Top....Pot
98.7%
Rat, Tar....Art
98.7%
Now, Own....Won
98.7%
Arcs, Cars....Scar
91.8%
Are, Ear....Era
91%
Polo, Loop....Pool
90%
Garb, Grab....Brag
89%
Flow, Fowl....Wolf
88%
Lips, Lisp....Slip
82%
Anew, Wean....Wane
72.8%
Claps, Clasp....Scalp
47.4%
Alert, Alter....Later
36.8%
Begin, Binge...Being
35.8%
Two Anagrams One More % Correct
Break, Brake....Baker
34.5%
Below, Elbow....Bowel
34.2%
Whiter, Writhe....Wither
23.6%
Seated, Sedate....Teased
23%
Dearth, Hatred....Thread
22.7%
Cruel, Lucre....Ulcer
13.6%
Strait,Traits....Artist
9.6%
Endear, Neared....Earned
5.3%
Pertness, Presents....Serpents
5%
Duster, Rusted....Rudest
4.5%
Gleaner, General....Enlarge
3.3%
Potters, Spotter....Protest
3.2%
Earnest, Nearest....Eastern
3%
Auctioned, Cautioned....Education
2.3%
Calipers, Spiracle....Replicas
0.9%

You're not logged in!

Compare scores with friends on all Sporcle quizzes.
OR
Log In

You Might Also Like...

Show Comments

Extras

Top Quizzes Today


Score Distribution

Your Account Isn't Verified!

In order to create a playlist on Sporcle, you need to verify the email address you used during registration. Go to your Sporcle Settings to finish the process.

Report this User

Report this user for behavior that violates our Community Guidelines.

Details: